Birthplaces of Historical Figures - Statistics

General Stats
  • This quiz has been taken 60 times
  • The average score is 14 of 43
Answer Stats
Historical Figure Birth City Birth Country % Correct
Ivan IV "the Terrible" Kolomenskoye Muscovy (Russia)
94%
Queen Victoria London British Empire
90%
King Henry VIII London Kingdom of England
90%
Julius Caesar Rome Roman Republic (Italy)
86%
Leonardo da Vinci Anchiano Republic ofFlorence (Italy)
80%
Michelangelo Caprese Republic ofFlorence (Italy)
80%
Napoleon Bonaparte Ajaccio, Corsica French Empire
78%
Theodore Roosevelt New York City United States
71%
Wolfgang Amadeus Mozart Salzburg Holy RomanEmpire (Austria)
63%
Martin Luther King, Jr. Atlanta, Georgia United States
61%
Marie Curie Warsaw Russian Empire (Poland)
61%
William Shakespeare Stratford-upon-Avon England
55%
Edgar Allan Poe Boston, Massachusetts United States
51%
Archimedes Syracuse Syracuse (Italy)
47%
Anne Frank Frankfurt Weimar Republic(Germany)
41%
Galileo Galilei Pisa Republic ofFlorence (Italy)
39%
Mark Twain Florida, Missouri United States
37%
George Washington Pope's Creek, Virginia British America
37%
Thomas Jefferson Shadwell, Virginia British America
35%
Ludwig van Beethoven Bonn Holy RomanEmpire (Germany)
33%
Albert Einstein Ulm German Empire
31%
Alexander the Great Pelta Macedon (Greece)
29%
Abraham Lincoln Hodgenville, Kentucky United States
22%
Susan B. Anthony Adams, Massachusetts United States
18%
Rosa Parks Tuskegee, Alabama United States
16%
Confucius Zou Lu (China)
16%
Alexander Hamilton Charlestown British Leeward Islands(St Kitts and Nevis)
14%
Adolf Hitler Braunau am Inn Austria-Hungary(Austria)
10%
Aristotle Stagira Stagira (Greece)
10%
Amelia Earhart Atchison, Kansas Untied States
6%
Karl Marx Trier Kingdom ofPrussia (Germany)
6%
Frederick Douglass Cordova, Maryland United States
4%
Johann Sebastian Bach Eisenach Holy RomanEmpire (Germany)
4%
Constantine the Great Naissus Roman Empire(Serbia)
4%
Charles Darwin Shrewsbury British Empire
4%
Joan of Arc Domrémy Kingdom of France
2%
Sigmund Freud Freiberg Austrian Empire(Czech Republic)
2%
Nicolaus Copernicus Thorn Kingdom ofPrussia (Poland)
2%
Isaac Newton Woolsthorpe-by-Colsterworth Kingdom of England
2%
Mohandas Gandhi Portbandar British India (India)
0%
Vladimir Lenin Simbirsk Russian Empire
0%
Nikola Tesla Smiljan Austrian Empire(Croatia)
0%
Vincent van Gogh Zundert Dutch Empire
0%
No matching quizzes found
Score Distribution
Percent of People with Each Score
Percentile by Number Answered
Your Score History
You have not taken this quiz